Modellfall Skandinavien? : sexualitat und Sexualpolitik in Danemark und Schweden /
Guardat en:
| Autor principal: | |
|---|---|
| Format: | Llibre |
| Idioma: | alemany |
| Publicat: |
Hamburg :
Rowohlt,
1970
|
| Col·lecció: | RoRoRo ;
8027-8028 |
| Etiquetes: |
Sense etiquetes, Sigues el primer a etiquetar aquest registre!
|
MARC
| LEADER | 00000nam a22000007i 4500 | ||
|---|---|---|---|
| 001 | IT\ICCU\UBO\3439984 | ||
| 003 | ItRI | ||
| 005 | 20260115232323.0 | ||
| 008 | 080618s1970 gw |||||| ||||| |||||c | ||
| 040 | |b ita |c importazione bologna sebina | ||
| 041 | 7 | |a ger |2 ISO-639-2 | |
| 100 | 1 | |a Bergstrom Walan, Maj Briht |0 IT\ICCU\PUVV\224599 |4 aut | |
| 245 | 1 | 0 | |a Modellfall Skandinavien? : |b sexualitat und Sexualpolitik in Danemark und Schweden / |c Maj-Briht Bergstrom-Wlan ... [et al.]. |
| 260 | |a Hamburg : |b Rowohlt, |c 1970 | ||
| 300 | |a 268 p. ; |c 19 cm. | ||
| 830 | 0 | |a RoRoRo ; |v 8027-8028 |0 IT\ICCU\RAV\0032884 | |
| 942 | |2 ddc |c BK |n 0 | ||
| 952 | |0 0 |1 0 |4 0 |6 DOC_306_709000000000000_BER |7 0 |9 24144 |a BO |b BO |d 2026-01-15 |i 1816 |l 0 |o DOC 306.709 BER |p BO1816 |r 2026-01-15 23:23:23 |w 2026-01-15 |x [Sebina 7] [1 v.] |y BK |z 1 v. | ||
| 999 | |c 20552 |d 20552 | ||